Sports Quiz

Random Sports or Basketball Quiz
Score 0/25 Timer 12:00
0 Plays Today
Winner Runner Up % Correct
Nate RobinsonDwight Howard
93.2%
Michael JordanDominique Wilkins
90.9%
Spud WebbDominique Wilkins
90.9%
Dominique WilkinsMichael Jordan
89.4%
Gerald GreenNate Robinson
87.9%
Dwight HowardGerald Green
81.8%
Nate RobinsonDemar DeRozan
75%
Kenny WalkerClyde Drexler
73.5%
Fred JonesJason Richardson
72%
Dee BrownShawn Kemp
68.2%
Larry NanceJulius Erving
68.2%
Nate RobinsonAndre Iguodala
66.7%
Jason RichardsonDesmond Mason
64.4%
Winner Runner Up % Correct
Josh SmithAmare Stoudemire
63.6%
Harold MinerIsaiah Rider
59.8%
Dominique WilkinsKenny Smith
56.8%
Vince CarterSteve Francis
56.8%
Cedric CeballosLarry Johnson
53.8%
Brent BarryMichael Finley
37.1%
Jason RichardsonGerald Wallace
34.1%
Michael JordanJerome Kersey
27.3%
Desmond MasonDeShawn Stevenson
22%
Isaiah RiderRobert Pack
18.2%
Kobe BryantChris Carr
15.9%
Harold MinerClarence Weatherspoon
14.4%
Come Together.
Have Fun.
All Virtual.
We all need to come together. Play Sporcle's virtual live trivia to have fun, connect with people, and get your trivia on. Join a live hosted trivia game for your favorite pub trivia experience done virtually. If a virtual private party is more your thing, go here for details.

You're not logged in!

Compare scores with friends on all Sporcle quizzes.
OR
Log In

Sporcle TV

Today on Sporcle TV


Watch our educational content, quiz creation guides, and fun videos on Sporcle TV.

Show Comments

Extras

Top Quizzes Today


Score Distribution

Paid Content

Your Account Isn't Verified!

In order to create a playlist on Sporcle, you need to verify the email address you used during registration. Go to your Sporcle Settings to finish the process.

Report this User

Report this user for behavior that violates our Community Guidelines.

Details: